ISLAMISCHER INTERNATIIONALISMUS IM 20: JAHRHUNDERT: UNTERSUCHUNGEN ZUR GESCHICHTE DER ISLAMISCHEN WELTLIGA / (Record no. 14236)
[ view plain ]
| 000 -الفاتح | |
|---|---|
| حقل البيانات ثابتة الطول | 00557nam a2200181Ia 4500 |
| 040 ## - مصدر الفهرسة | |
| وكالة الفهرسة الأصلية | GCL / |
| وكالة النسخ | GCL |
| 082 04 - رقم تصنيف ديوى العشرى | |
| رقم التصنيف | 909.097671082 |
| رقم المادة | S I |
| 100 1# - المدخل الرئيسى - إسم شخصى | |
| الإسم الشخصى | SCHULZE, REINHARD |
| 245 10 - بيان العنوان | |
| العنوان | ISLAMISCHER INTERNATIIONALISMUS IM 20: JAHRHUNDERT: UNTERSUCHUNGEN ZUR GESCHICHTE DER ISLAMISCHEN WELTLIGA / |
| بيان المسئوليه,etc | SCHULZE, REINHARD |
| 260 ## - PUBLICATION, DISTRIBUTION, ETC. (IMPRINT) | |
| تاريخ النشر أو التوزيع | 1989 |
| 300 ## - الوصف المادى | |
| التعداد | 509 P |
| 650 04 - المدخل الاضافى بالموضوع-مصطلح موضوعى | |
| مصطلح موضوعي | MUSLIM WORLD - LEAGUE |
| 650 04 - المدخل الاضافى بالموضوع-مصطلح موضوعى | |
| مصطلح موضوعي | PANISLAMISM |
| 650 04 - المدخل الاضافى بالموضوع-مصطلح موضوعى | |
| مصطلح موضوعي | ISLAM - 20TH CENTURY |
| 650 04 - المدخل الاضافى بالموضوع-مصطلح موضوعى | |
| مصطلح موضوعي | ISLAM - SAUDI ARABIA - HISTORY |
| 942 ## - عناصر المدخل الإضافي( كوها) | |
| مصدر التصنيف او مخطط الترفيف | Dewey Decimal Classification |
| Koha [default] item type | كتاب |
| 260 ## - PUBLICATION, DISTRIBUTION, ETC. (IMPRINT) | |
| -- | [S.N] : |
| -- | E. J. BRILL ، |
| حالة التراجع | حالة الفقد | حالة تلف | ليس للاعارة | المكان المؤقت | الموقع الحالى | تاريخ الاكتساب | اجمالي اﻻعارات | رقم الطلب | الباركود | تاريخ اخر مشاهدة | تاريخ تفعيل السعر | نوع وعاء كوها |
|---|---|---|---|---|---|---|---|---|---|---|---|---|
| مكتبة القاهرة الكبرى | مكتبة القاهرة الكبرى | 03/26/2014 | 909.097671082\S I | 26738 | 03/26/2014 | 03/26/2014 | كتاب |

